Bioindikátory deteriorizace krajiny

Bibliographic Details
Main Author: Nováková, Eliška (Author)
Format: Article
Language:Czech

MARC

LEADER 00000nab a2200000uu 4500
001 vtls011460830
003 SK-MaSNL
005 20260303151558.0
008 230222|1975 xo |||||||||||||||||cze|
015 |a SNBRB 
035 |a (urnnbn)urn:nbn:sk:snk:ar-a0acsn 
035 |a (uuid)6206ce36-5959-40a2-bd2b-a5cbfbf4f3e4 
035 |a urn:nbn:sk:snk-abcun9 
040 |a SNKBUCL  |b slo  |c SNKBUCL  |e AACR2 
041 0 |a cze 
044 |a xo  |c SK 
100 1 |a Nováková, Eliška  |4 aut  |9 786816 
245 1 0 |a Bioindikátory deteriorizace krajiny  |c Eliška Nováková 
773 0 |t Životné prostredie : revue pre teóriu a starostlivosť o životné prostredie  |g Roč. 9, č. 2 (1975), s. 61-65 
958 |a OND 
958 |a EUIPO 
958 |a article16 
999 |c 2018451  |d 2020381